Personnages joués par Eva Green par images (Click) - Statistiques

Statistiques générales
  • Ce quiz a été pris 82 fois
  • Le résultat moyen est 7 sur 16
Statistiques - réponses
Hint Réponse % Correct
Casino Royale
81%
Miss Peregrine et les Enfants particuliers
81%
Les Trois Mousquetaires : Milady
78%
Dumbo
73%
Sin City : J'ai tué pour elle
71%
Dark Shadows
49%
300 : La Naissance d'un Empire
48%
The Nocebo Effect
47%
Kingdom of Heaven
38%
Proxima
32%
Penny Dreadful
23%
À la croisée des mondes : La Boussole d'or
23%
D'après une histoire vraie
18%
Cracks
16%
White Bird
15%
The Salvation
11%
Aucun quiz correspondant
Distribution des résultats
% des personnes avec chaque résultat
Percentile par nombre de réponses
Votre historique - résultats
Vous n’avez pas pris ce quiz